1374 1360 1488 1215 1077 1388 1663 1163 1630 1204 1015 1728 1203 1962 1750 1841 1541 1350 1390 1927 1324 1937 1716 1190 1976 1098 1424 1685 1989 1347 1428 1862 1389 1998 1778 1246 1239 1088 1283 1301 1674 1250 1225 1726 1582 1953 1261 1979 1026 1430 1901 1906 1859 1095 1273 1401 1796 1045 1586 1235 1844 1177 1002 1756 1132 1833 1862 1174 1733 1862 1665 1953 1914 1481 1768 1668 1904 1717 1001 1935 1658 1168 1507 1238 1611 1244 1363 1737 1193 1777 1934 1573 1290 1743 1762 1426 1445 1939 1936 BCNSPRNW ULIB Ver.6.0+V

เปลี่ยนเป็นภาษาไทย

Change to English
 แสดงรายละเอียดบรรณานุกรม
  กลับหน้าหลัก

Brief Record : Get Marc (ISO 2709) : E-mail record : QR code < ปิดหน้าต่าง
LEADER : 00000nam 2200000uu 4500
001    13399126715
003     ULIB
008    190221s2561||||th 000 0 tha d
020    ^a9786163983374
060  0 ^aWY152^bศ352ก^cล.1
100 0  ^aศิริรัตน์ ปานอุทัย
245 00 ^aการพยาบาลผู้สูงอายุ เล่ม 1 /^cศิริรัตน์ ปานอุทัย
250    ^aพิมพ์ครังที่ 2
260    ^aเชียงใหม่ : ^bโครงการตำราคณะพยาบาลศาสตร์ มหาวิทยาลัยเชียงใหม่,^c2561.
300    ^a224 หน้า
650  0 ^aการพยาบาล--ผู้สูงอายุ
945    ^p200^l0^i27086
945    ^p200^l0^i27085
945    ^p200^l0^i27067
945    ^p200^l0^i27066
945    ^p200^l0^i27065
999    ^aกัณชพร จุลอักษร
รายการนี้ยังไม่มีแท็ก
คุณยังไม่ได้ล็อกอิน คุณสามารถมีกิจกรรมร่วมกับเว็บไซต์ได้ แต่ต้องล็อกอินก่อน ::
  ล็อกอิน

รายการสื่อสารสนเทศ

ลำดับที่ ประเภท เลขเรียก/บาร์โค้ด สถานที่ สถานะ
1. หนังสือสำรอง
หนังสือสำรอง
WY152 ศ352ก ล.1 ฉ.1 
  Barcode: 27065
ห้องสมุดวิทยาเขตนครสวรรค์
►หนังสือทั่วไป:l:General Books
บนชั้น
2. วิทยาศาสตร์การแพทย์ และสุขภาพ
วิทยาศาสตร์การแพทย์ และสุขภาพ
WY152 ศ352ก ล.1 ฉ.2 
  Barcode: 27066
ห้องสมุดวิทยาเขตนครสวรรค์
►หนังสือทั่วไป:l:General Books
บนชั้น
3. วิทยาศาสตร์การแพทย์ และสุขภาพ
วิทยาศาสตร์การแพทย์ และสุขภาพ
WY152 ศ352ก ล.1 ฉ.3 
  Barcode: 27067
ห้องสมุดวิทยาเขตนครสวรรค์
►หนังสือทั่วไป:l:General Books
บนชั้น
4. วิทยาศาสตร์การแพทย์ และสุขภาพ
วิทยาศาสตร์การแพทย์ และสุขภาพ
WY152 ศ352ก ล.1 ฉ.4 
  Barcode: 27085
ห้องสมุดวิทยาเขตนครสวรรค์
►หนังสือทั่วไป:l:General Books
บนชั้น
5. วิทยาศาสตร์การแพทย์ และสุขภาพ
วิทยาศาสตร์การแพทย์ และสุขภาพ
WY152 ศ352ก ล.1 ฉ.5 
  Barcode: 27086
ห้องสมุดวิทยาเขตนครสวรรค์
►หนังสือทั่วไป:l:General Books
บนชั้น

รายการใกล้เคียง
    ผู้แต่ง [ศิริรัตน์ ปานอุทัย]

    หัวเรื่อง [การพยาบาล--ผู้สูงอายุ]

BibComment


ยังไม่เคยถูกคอมเมนท์

คอมเมนท์ทรัพยากรรายการนี้
  คอมเมนท์: การพยาบาลผู้สูงอ..


 Copyright 2026. Bcnsprnw @Library